00262nam a2200097Ia 4500008004100000020001800041100002200059245005000081260001900131300001400150171211s9999 xx 000 0 und d a9781455708895 aGraeter, Linda J. aMedical Laboratory Science Examination Review bSaundersc2015 a386 pages